[Event "?"]
[Site "Asie eme championnat des clubs"]
[Date "2004.??.??"]
[Round "14"]
[White "Pratibha, Y"]
[Black "Ibraev, Nurlan"]
[Result "0-1"]
[WhiteElo "2225"]
[BlackElo "2425"]

1. e4 c5 2. Nf3 e6 3. d4 cxd4 4. Nxd4 Qb6 5. Nc3 Bc5 6. Be3 Nc6 7. Ndb5
Bxe3 8. fxe3 Qxe3+ 9. Be2 Kf8 10. Rf1 Nf6 11. Qd6+ Kg8 12. Rf3 Qg5 13. Rg3
Qe5 14. O-O-O a6 15. Qxe5 Nxe5 16. Nd6 b5 17. Rf1 Kf8 18. Rg5 Nc6 19. e5 h6
20. exf6 hxg5 21. fxg7+ Kxg7 22. Rxf7+ Kg6 23. Bd3+ Kh5 24. Nce4 Ne5 25.
Be2+ Kg6 26. Rf6+ Kg7 27. h3 Rb8 28. Rf2 Bb7 29. Nxg5 Bd5 30. Nde4 Rbf8 31.
Rxf8 Rxf8 32. g4 Rf4 33. Ng3 Kh6 34. h4 Bg2 35. Nh5 Rf2 36. Kd1 Bf1 37. Ng3
Bxe2+ 38. Nxe2 Nxg4 39. Ne4 Rf1+ 40. Kd2 Nf6 41. Nc5 a5 42. Nb7 a4 43. Nc3
Rf4 44. a3 b4 45. axb4 Rd4+ 46. Kc1 Rxb4 47. Nc5 a3 48. b3 Rxh4 49. Kb1
Rh1+ 50. Ka2 Rc1 51. Kxa3 Rxc2 52. N3a4 e5 53. b4 d6 54. Nb7 d5 55. Kb3 Rc7
56. Nbc5 Nd7 57. Na6 Rc8 58. b5 d4 59. Nb4 e4 60. Nc6 d3 61. Kc3 Kg5 62.
Kd4 Kf4 63. Nc3 d2 64. Ne7 Re8 65. Ned5+ Kf3 66. Ne3 Nb6 67. Ncd1 Rd8+ 68.
Kc5 Na4+ 69. Kc6 Rd3 70. Nc4 Ke2 71. b6 Nxb6 72. Kxb6 Kxd1 73. Kb5 Ke2 0-1

[Event "?"]
[Site "ch-IRI, Tehran IRI"]
[Date "2005.??.??"]
[Round "2"]
[White "Khaghani, Mehdi"]
[Black "Ghorbani, Mohsen"]
[Result "1-0"]
[WhiteElo "2310"]
[BlackElo "2340"]

1. e4 c5 2. Nf3 e6 3. d4 cxd4 4. Nxd4 a6 5. Nc3 Bc5 6. Be3 d6 7. Bd3 Nd7 8.
Qd2 Ngf6 9. O-O-O b5 10. Nb3 Bxe3 11. Qxe3 O-O 12. Qd4 Ne5 13. Be2 Bb7 14.
f3 Ne8 15. f4 Nc6 16. Qe3 Qc7 17. Bf3 Rc8 18. Kb1 Ne7 19. a3 Nf6 20. Rd2 d5
21. e5 Nd7 22. g4 Nb6 23. Rd3 Nc4 24. Qf2 f6 25. Nd4 Qb6 26. exf6 Rxf6 27.
Qe1 Ng6 28. f5 Nf4 29. Nxe6 Nxd3 30. cxd3 Ne3 31. d4 Rxe6 32. fxe6 Qxe6 33.
Qe2 Re8 34. Re1 Bc6 35. Qd3 Qh6 36. Nxd5 Nxd5 37. Bxd5+ Kh8 38. Rxe8+ Bxe8
39. Qe2 Qg6+ 40. Ka2 Bf7 41. Qe5 h5 42. gxh5 Bxd5+ 43. Qxd5 Qc2 44. Qf7 Qd1
45. Qe8+ Kh7 46. Qg6+ Kh8 47. h6 gxh6 48. Qxh6+ Kg8 49. Qe6+ Kh7 50. d5 b4
51. Qd7+ Kg8 52. axb4 Qd3 53. Qe6+ Kg7 54. d6 Qd1 55. Qe5+ Kf7 56. Qe7+ Kg6
57. Qe8+ Kg7 58. Qc6 Kf8 59. h4 Kf7 60. Qxa6 Qd5+ 61. Ka3 Qd1 62. Qc4+ Kf6
63. Qc5 Qa1+ 64. Kb3 Qd1+ 65. Qc2 Qxd6 66. b5 Qd5+ 67. Qc4 Qd1+ 68. Kb4 Ke7
69. b6 Qf3 70. Kb5 Kf8 71. b4 Kg7 72. Qc7+ Kh8 73. Qd8+ Kh7 74. Qd7+ Kh8
75. b7 Qe2+ 76. Ka5 Qa2+ 77. Kb6 Qf2+ 78. Kc7 Qf4+ 79. Qd6 Qf7+ 80. Kc8
Qc4+ 81. Qc5 Qg8+ 82. Kc7 Qg3+ 83. Kb6 Qh2 84. Qc8+ Kh7 85. Qc7+ 1-0

[Event "?"]
[Site "SVK Team Ch"]
[Date "1997.??.??"]
[Round "?"]
[White "Kral, Pavol"]
[Black "Dovzik, Juri"]
[Result "0-1"]
[WhiteElo "2245"]
[BlackElo "2405"]

1. e4 c5 2. Nf3 e6 3. d4 cxd4 4. Nxd4 Nc6 5. c4 Bc5 6. Nb3 Be7 7. Be3 Nf6
8. Nc3 b6 9. Be2 Bb7 10. O-O O-O 11. Rc1 Rc8 12. f4 d6 13. g4 Nb4 14. a3
Na6 15. Bd3 Nd7 16. Nb5 Ra8 17. Bb1 Nac5 18. Nd2 Nf6 19. Nc3 d5 20. cxd5
exd5 21. exd5 Nxd5 22. Nxd5 Qxd5 23. Nf3 Qe6 24. Ne5 Rad8 25. Qc2 g6 26. b4
Be4 27. Qc3 Nd3 28. Qc4 Nxc1 29. Qxe4 Ne2+ 30. Kg2 Nc3 31. f5 Qd6 32. Nc4
Nxe4 33. Nxd6 Nxd6 34. f6 Nc4 35. fxe7 Nxe3+ 0-1

[Event "?"]
[Site "St Chely d'Aubrac Open 1st"]
[Date "2001.??.??"]
[Round "?"]
[White "Santo Roman, Marc"]
[Black "Olivier, Pierre"]
[Result "1-0"]
[WhiteElo "2425"]
[BlackElo "2225"]

1. e4 c5 2. Nf3 e6 3. d4 cxd4 4. Nxd4 Bc5 5. Nc3 Qb6 6. Na4 Qa5+ 7. c3 Bxd4
8. Qxd4 Nf6 9. Nc5 Nc6 10. Qe3 O-O 11. Be2 b6 12. Nb3 Qa4 13. Nd2 Ba6 14.
b3 Qa5 15. b4 Qa4 16. Bd1 Qb5 17. a4 Qd3 18. b5 Bxb5 19. axb5 Qxb5 20. Be2
Qe5 21. f4 Qc7 22. Ba3 Rfe8 23. e5 Nd5 24. Qf3 f6 25. Bd6 Qd8 26. O-O b5
27. Kh1 1-0

[Event "?"]
[Site "BL9899 women"]
[Date "1998.??.??"]
[Round "?"]
[White "Ankerst, Milka"]
[Black "Ioseliani, Nana M"]
[Result "0-1"]
[WhiteElo "2150"]
[BlackElo "2495"]

1. e4 c5 2. Nf3 e6 3. d4 cxd4 4. Nxd4 a6 5. Bd3 Bc5 6. Nb3 Be7 7. O-O d6 8.
f4 Nd7 9. Be3 Ngf6 10. Qf3 Qc7 11. c4 b6 12. Nc3 Bb7 13. Nd4 Rc8 14. Rac1
Qb8 15. Rfe1 g6 16. Bf2 O-O 17. Qe2 Rfe8 18. h3 Qa8 19. Nf3 Nc5 20. Bb1 d5
21. cxd5 exd5 22. e5 Nh5 23. Be3 Ng3 24. Qf2 Nge4 25. Nxe4 dxe4 26. Nd2 Bd5
27. Nc4 Qb8 28. Red1 Red8 29. b3 Bxc4 30. bxc4 Rxd1+ 31. Rxd1 Qc7 32. g3
Na4 33. Qc2 Qxc4 34. Qxe4 Qxe4 35. Bxe4 Nc3 36. Rc1 Ne2+ 0-1

[Event "?"]
[Site "FS03 IM-B Budapest HUN"]
[Date "2003.??.??"]
[Round "?"]
[White "Farago, Sandor"]
[Black "Gonda, Laszlo"]
[Result "0-1"]
[WhiteElo "2330"]
[BlackElo "2315"]

1. e4 c5 2. Nf3 e6 3. d4 cxd4 4. Nxd4 a6 5. Bd3 Bc5 6. Nb3 Be7 7. c4 d6 8.
Nc3 Nf6 9. Be3 b6 10. f4 Bb7 11. Qe2 Qc7 12. Bf2 Nfd7 13. Rc1 Nc5 14. Bb1
Nc6 15. O-O Bf6 16. Rfd1 O-O 17. e5 dxe5 18. Nxc5 bxc5 19. Ne4 Be7 20. Nxc5
Bxc5 21. Bxc5 Rfd8 22. fxe5 Qxe5 23. Qf2 Qh5 24. Bd6 Ne5 25. c5 Rac8 26.
Re1 Nf3+ 27. gxf3 Rxd6 28. cxd6 Rxc1 29. Rxc1 Qg5+ 30. Qg3 Qxc1+ 31. Kg2
Qxb2+ 32. Kh3 Qb5 33. Be4 Bc8 34. Qf2 f5 35. Qc2 Bd7 36. Ba8 Qb8 37. Bc6
Qxd6 38. Bxd7 Qxd7 39. Qc4 Qd5 40. Qc8+ Kf7 41. Kg3 Qxa2 42. Qd7+ Kg6 43.
Qe8+ Kh6 44. h4 Qd5 45. Qe7 Qe5+ 46. Kh3 Qf6 47. Qb4 e5 48. f4 e4 0-1

[Event "?"]
[Site "InfoScore Cup 5th"]
[Date "2002.??.??"]
[Round "?"]
[White "Ostermeier, Ralf"]
[Black "Sax, Gyula"]
[Result "0-1"]
[WhiteElo "2135"]
[BlackElo "2510"]

1. e4 c5 2. Nf3 e6 3. d4 cxd4 4. Nxd4 a6 5. Bd3 Bc5 6. Nb3 Be7 7. c4 d6 8.
O-O Nf6 9. Be3 O-O 10. Nc3 b6 11. Qe2 Bb7 12. f3 Nbd7 13. Rac1 Ne5 14. Bb1
Rc8 15. Nd2 Nfd7 16. b3 Bf6 17. a4 Re8 18. f4 Ng6 19. Qf2 Nc5 20. Rfd1 Qc7
21. Ne2 Bb2 22. Rc2 Ba3 23. Ra2 Bb4 24. Bc2 Qe7 25. Ng3 Nh4 26. Nf3 Nxf3+
27. gxf3 g6 28. Bd4 Qh4 29. Ne2 Qxf2+ 30. Kxf2 d5 31. cxd5 exd5 32. e5 Nd7
33. Bd3 Be7 34. Rc1 Nc5 35. Bc2 Bh4+ 36. Kg2 f6 37. Bd1 fxe5 38. fxe5 Bg5
39. f4 Bh6 40. Rac2 g5 41. b4 Nd3 42. Rxc8 Bxc8 43. Rc6 Bg7 44. fxg5 Nxe5
45. Rxb6 Nc4 46. Rc6 Bxd4 47. Nxd4 Ne3+ 0-1

[Event "?"]
[Site "National Open, Las Vegas USA"]
[Date "2006.??.??"]
[Round "3"]
[White "Bruno, Ro"]
[Black "Kriventsov, Stanislav G"]
[Result "1/2-1/2"]
[WhiteElo "2200"]
[BlackElo "2445"]

1. e4 c5 2. Nf3 e6 3. d4 cxd4 4. Nxd4 a6 5. Bd3 Bc5 6. Nb3 Be7 7. O-O d6 8.
Nc3 Nf6 9. a4 b6 10. f4 Nbd7 11. Qf3 Bb7 12. Bd2 Qc7 13. Rae1 h5 14. h3 h4
15. Rf2 g6 16. Be3 Nh5 17. a5 b5 18. Bd4 Bf6 19. Bxf6 Nhxf6 20. Qe3 Kf8 21.
Qd4 e5 22. fxe5 dxe5 23. Qb4+ Kg7 24. Ref1 Rhf8 25. Nd1 Qc6 26. Ne3 Nxe4
27. Bxe4 Qxe4 28. Qd2 Qc6 29. Ng4 f5 30. Qh6+ Kg8 31. Ne3 Qf6 32. Rd1 Rfd8
33. Rfd2 Nf8 34. Nc5 Bc6 35. b4 Rxd2 36. Rxd2 Rd8 37. Rxd8 Qxd8 38. Ne6
Nxe6 39. Qxg6+ Ng7 40. Qxc6 Qd4 41. Qd5+ Kf8 42. Qxd4 exd4 43. Nd5 Ne6 44.
Kf2 Ke8 45. g3 hxg3+ 46. Kxg3 Kd7 47. Nf4 Nf8 48. Nd3 Ne6 49. h4 Ke7
1/2-1/2

[Event "?"]
[Site "Open 5th Nova Gorica SLO"]
[Date "2000.??.??"]
[Round "?"]
[White "Krivec, Jana"]
[Black "Fercec, Nenad"]
[Result "1-0"]
[WhiteElo "2185"]
[BlackElo "2460"]

1. e4 c5 2. Nf3 e6 3. d4 cxd4 4. Nxd4 a6 5. Bd3 Bc5 6. Nb3 Be7 7. O-O d6 8.
c4 Nf6 9. Nc3 Nbd7 10. f4 b6 11. Qe2 Bb7 12. e5 dxe5 13. fxe5 Nxe5 14. Qxe5
Qxd3 15. Qc7 Qd7 16. Qxb6 Qc8 17. Bf4 O-O 18. Kh1 Nd7 19. Qd4 Qc6 20. Rf2
a5 21. Qd3 Nc5 22. Nxc5 Bxc5 23. Rd2 f6 24. Qg3 Rfd8 25. Rad1 Rxd2 26. Rxd2
Bf8 27. b3 Re8 28. Bd6 e5 29. Bxf8 Rxf8 30. Qd3 f5 31. Qd5+ Qxd5 32. Nxd5
Kf7 33. Nb6 Ke6 34. c5 Rf7 35. Rd6+ Ke7 36. Rd7+ Ke8 37. Rxf7 Kxf7 38. Nc4
Ke6 39. Nxa5 Be4 40. Kg1 g5 41. b4 f4 42. b5 Bd5 43. a4 Kd7 44. c6+ Kc7 45.
Nb7 e4 46. Nc5 g4 47. g3 f3 48. Kf2 Kb6 49. Nd7+ Ka5 50. Nf6 1-0

[Event "?"]
[Site "Capablanca Memorial Mixto"]
[Date "2000.??.??"]
[Round "?"]
[White "Arribas, Maritza"]
[Black "Araque, Rafael"]
[Result "0-1"]
[WhiteElo "2335"]
[BlackElo "2305"]

1. e4 c5 2. Nf3 e6 3. d4 cxd4 4. Nxd4 Qb6 5. Nc3 Bc5 6. Na4 Qa5+ 7. c3 Bxd4
8. Qxd4 Nf6 9. Nc5 Nc6 10. Qe3 O-O 11. Be2 d5 12. Nb3 Qc7 13. exd5 Nxd5 14.
Qf3 a5 15. a4 Bd7 16. O-O Rac8 17. Rd1 Rfd8 18. Nd4 Nxd4 19. Rxd4 Bc6 20.
Bg5 f6 21. Bh4 e5 22. Rdd1 Nf4 23. Qg4 h5 24. Bc4+ Kh8 25. Rxd8+ Qxd8 26.
Qf5 Bxg2 27. Bb3 Bh3 28. Qe4 Qd3 29. Bc2 Ne2+ 30. Kh1 Qxe4+ 31. Bxe4 g5 32.
Bg3 h4 33. Re1 Rd8 34. Bf3 hxg3 35. hxg3 Nd4 36. cxd4 Rxd4 37. Bxb7 Rxa4
38. Bg2 Bf5 39. Rc1 Ra2 40. Rc6 Kg7 41. Rb6 Ra1+ 42. Kh2 Rd1 43. Ra6 Rd2
44. Kg1 Rxb2 45. Rxa5 Bd3 46. Rd5 e4 47. Bh3 Be2 48. Bg2 Rb4 49. Rd2 Bf3
50. Ra2 g4 51. Rc2 Rb1+ 52. Kh2 Kg6 53. Ra2 Kf5 54. Ra5+ Kg6 55. Ra2 Rc1
56. Rb2 Ra1 57. Rc2 Kf5 58. Rb2 Ke5 59. Rb5+ Kd4 60. Rb4+ Kc3 61. Rb6 e3
62. Re6 e2 0-1

[Event "?"]
[Site "Open Manresa"]
[Date "1998.??.??"]
[Round "?"]
[White "Fabregas Fontanet, Antonio"]
[Black "Spassov, Liuben D"]
[Result "0-1"]
[WhiteElo "2200"]
[BlackElo "2440"]

1. e4 c5 2. Nf3 e6 3. d4 cxd4 4. Nxd4 a6 5. Bd3 Bc5 6. Nb3 Be7 7. O-O d6 8.
f4 Nd7 9. a4 b6 10. Nc3 Bb7 11. Be3 Ngf6 12. Qf3 Qc7 13. Rfe1 O-O 14. Qh3
Rfe8 15. g4 d5 16. e5 Ne4 17. Bd4 Ndc5 18. a5 bxa5 19. Nxa5 Nxd3 20. cxd3
Nc5 21. Rec1 Rec8 22. Qe3 Qb8 23. f5 Bf8 24. Ne2 Nd7 25. Nf4 Re8 26. fxe6
fxe6 27. g5 Bb4 28. Nc6 Bxc6 29. Rxc6 Qb7 30. Rxe6 Rxe6 31. Nxe6 Re8 32.
Nxg7 Kxg7 33. e6+ Kg8 34. Rxa6 Qxa6 35. exd7 Rf8 36. Bf6 Qd6 37. Qe8 Ba5
38. Be7 Qb6+ 39. Kh1 Qf2 40. Qxf8+ Qxf8 41. Bxf8 Kxf8 42. b4 Bb6 43. Kg2
Ke7 44. Kf3 Kxd7 45. Kg4 Ke6 46. h4 Bd4 47. Kh5 Bf2 48. Kg4 Be1 49. b5 Kd6
50. h5 Bc3 51. Kf5 Bd4 52. g6 hxg6+ 53. hxg6 Ke7 54. g7 Bxg7 55. b6 Kd7 56.
b7 Kc7 57. d4 Kxb7 0-1

[Event "?"]
[Site "WYb14 Heraklio GRE ;The Week i"]
[Date "2004.??.??"]
[Round "8"]
[White "Andreikin, Dmitry"]
[Black "Simonian, H"]
[Result "1-0"]
[WhiteElo "2450"]
[BlackElo "2190"]

1. e4 c5 2. Nf3 e6 3. d4 cxd4 4. Nxd4 a6 5. Bd3 Bc5 6. Nb3 Be7 7. Be3 d6 8.
N1d2 Nd7 9. Qe2 b6 10. O-O-O Bb7 11. f4 Ngf6 12. g4 d5 13. e5 Ne4 14. Bxe4
dxe4 15. Rhe1 Qc7 16. Qc4 Rc8 17. Qxc7 Rxc7 18. Bd4 Nc5 19. Bxc5 bxc5 20.
c4 g5 21. f5 h5 22. f6 Bf8 23. Nxe4 hxg4 24. Nd6+ Bxd6 25. exd6 Rc6 26. Re5
Kd7 27. Nxc5+ Rxc5 28. Rxc5 Bc6 29. b4 1-0

[Event "Masters"]
[Site "Singapore SIN"]
[Date "2006.12.27"]
[Round "3"]
[White "Liang Zhihua"]
[Black "Goh Weiming"]
[Result "0-1"]
[WhiteElo "2232"]
[BlackElo "2408"]

1. e4 c5 2. Nf3 e6 3. d4 cxd4 4. Nxd4 a6 5. Bd3 Bc5 6. Nb3 Be7 7. Nc3 d6 8.
O-O Nf6 9. f4 Nc6 10. Qf3 Qc7 11. a4 Bd7 12. a5 Nb4 13. Be3 Bc6 14. Nd4 O-O
15. Nxc6 Qxc6 16. Na4 d5 17. e5 Ne4 18. f5 exf5 19. Qxf5 g6 20. Qf3 Bg5 21.
Nb6 Rad8 22. Bxg5 Nxg5 23. Qe3 Ne6 24. Ra4 Nxd3 25. cxd3 d4 26. Qe2 Qb5 27.
Raa1 Ng7 28. Nc4 Nf5 29. e6 fxe6 30. Qxe6+ Kg7 31. Rae1 Rfe8 32. Qb6 Qxb6
33. axb6 Ne3 34. Rf3 Nd5 35. Kf1 Rxe1+ 36. Kxe1 Re8+ 37. Kd2 Re6 38. Kc1
Re2 39. Nd6 Nxb6 40. Rf7+ Kh6 41. Rxb7 Nd5 42. g4 Kg5 43. Rxh7 Nf4 44. h3
Nxd3+ 45. Kd1 Rxb2 46. Rf7 Nc5 47. Rc7 Na4 48. Ne4+ Kf4 49. Rc4 Ra2 0-1

[Event "?"]
[Site "FIDE-Wch k.o. women"]
[Date "2000.??.??"]
[Round "?"]
[White "Shahade, Jennifer"]
[Black "Arakhamia-Grant, Ketevan"]
[Result "0-1"]
[WhiteElo "2235"]
[BlackElo "2405"]

1. e4 c5 2. Nf3 e6 3. d4 cxd4 4. Nxd4 Qb6 5. Nc3 Bc5 6. Na4 Qa5+ 7. Nc3 Bb4
8. Bd2 Nc6 9. Nxc6 bxc6 10. a3 Bf8 11. Bd3 Qc7 12. O-O Nf6 13. f4 d5 14.
Qe2 Be7 15. Rae1 a6 16. Kh1 Bb7 17. e5 Nd7 18. f5 Nc5 19. fxe6 Nxe6 20. Qh5
g6 21. Qh6 Bf8 22. Qh3 Bg7 23. Bh6 O-O 24. Bxg7 Nxg7 25. Rf4 Rae8 26. Rh4
Rxe5 27. Rf1 Bc8 28. g4 h5 29. Bf5 Nxf5 30. gxf5 Rxf5 31. Rg1 Qe5 32. Qg2
Re8 33. Rh3 Rf4 34. Rg3 Rg4 35. Rxg4 Bxg4 36. h3 Bf5 0-1

[Event "?"]
[Site "la Vella Open"]
[Date "2002.??.??"]
[Round "?"]
[White "Gonzalez Pruneda, Arturo Jose"]
[Black "Gonzalez de la Torre, Santiago"]
[Result "1-0"]
[WhiteElo "2220"]
[BlackElo "2420"]

1. e4 c5 2. Nf3 e6 3. d4 cxd4 4. Nxd4 a6 5. Bd3 Bc5 6. Nb3 Be7 7. Qg4 g6 8.
Nc3 d6 9. Be3 Nd7 10. O-O b5 11. a3 Bb7 12. Rad1 Rc8 13. f4 Ngf6 14. Qh3 h5
15. Kh1 Qc7 16. Bg1 Qb8 17. Qe3 Bd8 18. Be2 h4 19. Qd3 Be7 20. Bf3 Nh5 21.
Be3 Kf8 22. Qe2 Kg7 23. Bxh5 Rxh5 24. h3 Nf6 25. Nd2 Qa8 26. Bd4 e5 27. Bg1
Kg8 28. Bh2 exf4 29. Rxf4 Nd7 30. Rdf1 Ne5 31. Nf3 Rf8 32. Nd4 Rg5 33. R4f2
Nc4 34. b3 Nxa3 35. Nd5 Qd8 36. Bf4 Rh5 37. Bc1 b4 38. Bb2 a5 39. Qg4 Bxd5
40. exd5 Rg5 41. Qf4 Rh5 42. Ne6 fxe6 43. Qg4 Rxf2 44. Qxg6+ 1-0

[Event "?"]
[Site "WYb16, Belfort FRA"]
[Date "2005.??.??"]
[Round "3"]
[White "Szabo, Krisztian"]
[Black "Flores Rios, M"]
[Result "1-0"]
[WhiteElo "2420"]
[BlackElo "2220"]

1. e4 c5 2. Nf3 e6 3. d4 cxd4 4. Nxd4 a6 5. Bd3 Bc5 6. Nb3 Be7 7. O-O d6 8.
c4 Nf6 9. Nc3 O-O 10. f4 Nbd7 11. Qe2 b6 12. Bd2 Bb7 13. Rae1 Rc8 14. Nd4
d5 15. cxd5 Nc5 16. Bb1 exd5 17. e5 Nfe4 18. Nf5 Re8 19. Qg4 g6 20. Nh6+
Kg7 21. f5 Nxd2 22. fxg6 hxg6 23. Rxf7+ Kh8 24. Re3 Bh4 25. Rh3 Nxb1 26.
Rxh4 1-0

[Event "?"]
[Site "B Malmo SWE"]
[Date "2000.??.??"]
[Round "?"]
[White "Hermansson, Emil"]
[Black "Eriksson, Magnus"]
[Result "1-0"]
[WhiteElo "2280"]
[BlackElo "2360"]

1. e4 c5 2. Nf3 e6 3. d4 cxd4 4. Nxd4 a6 5. Bd3 Bc5 6. Nb3 Be7 7. Qg4 g6 8.
Qe2 d6 9. O-O Qc7 10. a4 b6 11. Nc3 Nd7 12. Bd2 Bb7 13. Rae1 Ngf6 14. Bh6
Rg8 15. f4 Nc5 16. Kh1 Nfd7 17. Nd2 Bh4 18. Rd1 Bf6 19. e5 Nxd3 20. Nde4
Nxb2 21. Nxd6+ Kd8 22. Nxb7+ Qxb7 23. Rb1 Nxa4 24. Nxa4 Be7 25. Bg5 Qc6 26.
Rb4 h6 27. Rc4 Qb7 28. Bxe7+ Kxe7 29. Qd3 Rgc8 30. Rd4 Nc5 31. Nxc5 bxc5
32. Rd6 Kf8 33. Rd1 Kg7 34. f5 exf5 35. e6 Qb4 36. Qe3 Qe4 37. Qc3+ Kh7 38.
Qf6 Ra7 39. exf7 f4 40. f8=Q Rxf8 1-0

[Event "?"]
[Site "WYg18 Heraklio GRE ;The Week i"]
[Date "2004.??.??"]
[Round "11"]
[White "Melia, Salome"]
[Black "Kursova, Maria"]
[Result "1-0"]
[WhiteElo "2325"]
[BlackElo "2315"]

1. e4 c5 2. Nf3 e6 3. d4 cxd4 4. Nxd4 a6 5. Bd3 Bc5 6. Nb3 Be7 7. O-O d6 8.
c4 Nf6 9. Nc3 O-O 10. Be3 b6 11. f3 Bb7 12. Qd2 Qc7 13. Rfd1 Nbd7 14. Bf1
Rac8 15. Qf2 Bd8 16. Rac1 Qb8 17. Nd4 Bc7 18. Kh1 Kh8 19. b4 Rce8 20. a4 d5
21. cxd5 exd5 22. Nxd5 Bxd5 23. exd5 Bxh2 24. Bxa6 Bg3 25. Qd2 Re5 26. Ne2
Rh5+ 27. Kg1 Nxd5 28. Rc4 Nxe3 29. Qxe3 Nf6 30. Nxg3 Qxg3 31. Qf4 Qg6 32.
Rc8 Rg8 33. Rxg8+ Nxg8 34. Rd8 Qb1+ 35. Bf1 f6 36. Qc4 1-0

[Event "?"]
[Site "FRG Ch int Mannheim GER"]
[Date "1975.??.??"]
[Round "?"]
[White "Mallee, Ralph"]
[Black "Gerusel, Mathias"]
[Result "0-1"]
[WhiteElo "2200"]
[BlackElo "2440"]

1. e4 c5 2. Nf3 e6 3. d4 cxd4 4. Nxd4 a6 5. Bd3 Bc5 6. Nb3 Be7 7. O-O Nc6
8. c4 d6 9. Be3 Nf6 10. Nc3 Nd7 11. f4 O-O 12. Rc1 b6 13. Qh5 Bb7 14. Rfd1
g6 15. Qh3 Bf6 16. g4 Bg7 17. g5 f5 18. exf5 gxf5 19. Be2 Qc7 20. Bf3 Nc5
21. Qg2 Rab8 22. Nd4 Nxd4 23. Bxd4 Ne4 24. Bxg7 Kxg7 25. Nxe4 fxe4 26. Bxe4
Rxf4 27. Bxb7 Rxb7 28. Rxd6 Qc5+ 29. Kh1 Re7 30. Rd2 Rxc4 31. Rdc2 Rxc2 32.
Rxc2 Rd7 33. Qe4 Rd1+ 34. Kg2 Qxg5+ 35. Kh3 Qh5+ 36. Kg2 Qf5 37. Qxf5 exf5
38. Kf3 Rd6 39. Kf4 Kf6 40. Re2 Rd4+ 41. Kf3 f4 42. Rc2 Kf5 43. Rc6 Rd3+
44. Ke2 Rh3 45. Rxb6 Kg4 46. Rxa6 Rxh2+ 47. Kf1 Kg3 48. Ra7 Rxb2 49. Rxh7
Rb1+ 50. Ke2 f3+ 51. Ke3 Re1+ 52. Kd3 f2 53. Rg7+ Kh4 54. Rf7 f1=Q+ 55.
Rxf1 Rxf1 56. Kc4 Ra1 0-1

[Event "?"]
[Site "Sauerland Stern Hotel Open 1st"]
[Date "2001.??.??"]
[Round "?"]
[White "Heinemann, Ernst"]
[Black "Lingnau, Carsten"]
[Result "0-1"]
[WhiteElo "2215"]
[BlackElo "2420"]

1. e4 c5 2. Nf3 e6 3. d4 cxd4 4. Nxd4 a6 5. Bd3 Bc5 6. Nb3 Be7 7. O-O d6 8.
a4 Nf6 9. Nc3 b6 10. a5 b5 11. Qe2 Nbd7 12. f4 Qc7 13. Kh1 Bb7 14. Be3 h5
15. Bg1 h4 16. h3 g6 17. Rae1 Nc5 18. Nxc5 dxc5 19. e5 Nh5 20. Bh2 c4 21.
Be4 Bb4 22. Bxb7 Qxb7 23. Ne4 Rd8 24. Rd1 O-O 25. Nf6+ Nxf6 26. exf6 Rd5
27. Qg4 Rfd8 28. Bg1 Bxa5 29. Qxh4 Bb4 30. Rxd5 Rxd5 31. c3 Bf8 32. Bd4 a5
33. Qe1 b4 34. Be5 Rd3 35. Kh2 Qd5 36. h4 Rd2 37. Qg3 Rd1 38. Rf3 Qe4 39.
Re3 Qb1 40. Qf3 b3 41. Qc6 Rh1+ 42. Kg3 Qg1 43. Re2 Qh2+ 44. Kf3 Qxh4 45.
Qxc4 Rf1+ 46. Ke3 Qg3+ 47. Kd2 Bh6 48. Qxb3 Bxf4+ 49. Bxf4 Qxf4+ 50. Re3
Rf2+ 51. Kd3 Qd6+ 0-1

[Event "?"]
[Site "FS02 GM Budapest HUN"]
[Date "1998.??.??"]
[Round "?"]
[White "Hodjko, Vjaceslav"]
[Black "Naiditsch, Arkadij"]
[Result "1-0"]
[WhiteElo "2380"]
[BlackElo "2255"]

1. e4 c5 2. Nf3 e6 3. d4 cxd4 4. Nxd4 a6 5. Bd3 Bc5 6. Nb3 Be7 7. O-O d6 8.
f4 Nd7 9. Nc3 b5 10. e5 d5 11. Qe2 g6 12. Kh1 h5 13. Nd4 Qb6 14. Be3 Bc5
15. f5 Bxd4 16. fxe6 fxe6 17. Bxg6+ Kd8 18. Bg5+ Kc7 19. Nxd5+ exd5 20. e6
Ne5 21. c3 Nxg6 22. cxd4 Bxe6 23. Qc2+ Kd7 24. Qxg6 Ne7 25. Rf7 Rhe8 26.
Re1 Qd6 27. Rg7 Rac8 28. Bf4 Qc6 29. Qf6 b4 30. h3 a5 31. Qg5 a4 32. Qxh5
Rh8 33. Qg5 Rcd8 34. Rc1 Qb5 35. Rxe7# 1-0

[Event "?"]
[Site "Open Ljubljana"]
[Date "1998.??.??"]
[Round "?"]
[White "Groselj, Petra"]
[Black "Sax, Gyula"]
[Result "0-1"]
[WhiteElo "2100"]
[BlackElo "2535"]

1. e4 c5 2. Nf3 e6 3. d4 cxd4 4. Nxd4 a6 5. Bd3 Bc5 6. Nb3 Be7 7. O-O Nc6
8. c4 d6 9. Nc3 Nf6 10. f4 b6 11. Be3 Bb7 12. Qe2 O-O 13. Rad1 Qc7 14. h3
Rac8 15. Qf2 Nd7 16. Rfe1 Bf6 17. Na4 Nb4 18. Bb1 b5 19. cxb5 axb5 20. Nb6
Nxb6 21. Bxb6 Qb8 22. Bd4 Be7 23. Bc3 Nc6 24. Nd4 b4 25. Nxc6 Bxc6 26. Bd4
e5 27. Be3 Qb7 28. Bd2 Bf6 29. a3 bxa3 30. bxa3 Ba4 31. Rc1 Rxc1 32. Rxc1
Qb2 33. Bd3 exf4 34. Kh1 Qxa3 35. Bc4 g5 36. Qe2 Bd7 37. Qf1 Qb2 38. Ba5 f3
39. Re1 fxg2+ 40. Qxg2 Qa3 41. Bd2 Bxh3 0-1

[Event "?"]
[Site "North Sea Cup B"]
[Date "2003.??.??"]
[Round "?"]
[White "Hunt, Harriet"]
[Black "Pedersen, Christian K"]
[Result "1-0"]
[WhiteElo "2390"]
[BlackElo "2245"]

1. e4 c5 2. Nf3 e6 3. d4 cxd4 4. Nxd4 a6 5. Bd3 Bc5 6. Nb3 Be7 7. O-O d6 8.
c4 b6 9. Nc3 Bb7 10. Qe2 Nd7 11. Be3 Ngf6 12. f3 h5 13. Bc2 h4 14. a4 Qc7
15. a5 Rc8 16. Bd3 Nc5 17. axb6 Qxb6 18. Ra3 Nh5 19. Nxc5 dxc5 20. e5 Qc7
21. Bc1 g6 22. Be4 Ng7 23. Bxb7 Qxb7 24. Qe4 Qb6 25. Qc2 O-O 26. Ne4 Qc7
27. Bf4 Nh5 28. Qc1 Ra8 29. Bg5 Rfd8 30. Bxe7 Qxe7 31. Qh6 Qf8 32. Qg5 Rd4
33. Qxh4 Qb8 34. g4 Qxb2 35. gxh5 Qxa3 36. hxg6 Qe3+ 37. Kh1 fxg6 38. Nf6+
Kf7 39. Qh7+ Kf8 40. Qg8+ Ke7 41. Qg7+ Kd8 42. Qf8+ Kc7 43. Qxc5+ Kd8 44.
Qf8+ Kc7 45. Qxa8 Qxe5 46. Ne8+ Kd7 47. Rb1 Ke7 48. Ng7 Kf7 49. Qa7+ Kf6
50. Ne8+ Kg5 51. Qe7+ Kf4 52. Qh4+ Ke3 53. Qe1+ Kf4 54. Qg3+ Kf5 55. Qh3+
Kf4 56. Qg4+ Ke3 57. Re1+ Kf2 58. Qg1+ 1-0

[Event "?"]
[Site "Magitral Ciutat de 2nd"]
[Date "2003.??.??"]
[Round "?"]
[White "Barrientos Chavarriaga, Sergio"]
[Black "Vehi Bach, Victor M"]
[Result "1-0"]
[WhiteElo "2245"]
[BlackElo "2390"]

1. e4 c5 2. Nf3 e6 3. d4 cxd4 4. Nxd4 a6 5. Bd3 Bc5 6. Nb3 Be7 7. Nc3 d6 8.
f4 Qc7 9. a4 b6 10. O-O Nd7 11. Qg4 Ngf6 12. Qg3 Bb7 13. Be3 g6 14. Bd4 e5
15. fxe5 dxe5 16. Be3 O-O 17. Bh6 Nh5 18. Qf3 Ng7 19. Rad1 Nf6 20. Bg5 Nfe8
21. Bxe7 Qxe7 22. Bc4 Nc7 23. Bxf7+ Kh8 24. Qf6 Qxf6 25. Rxf6 Rab8 26. Rd7
Na8 27. a5 bxa5 28. Nxa5 Bc8 29. Ra7 Nh5 30. Rf1 Nb6 31. Nc6 Rb7 32. Rxb7
Bxb7 33. Nxe5 Kg7 34. Nd5 Na4 35. b4 Bxd5 36. exd5 Nc3 37. Rf3 Ne2+ 38. Kf2
Nd4 39. Rc3 Rxf7+ 40. Nxf7 Kxf7 41. Rc7+ Kf6 42. c3 Nb5 43. Rc6+ Ke5 44. c4
Nd6 45. Ke3 1-0

[Event "?"]
[Site "Ch U20 Trzbinia"]
[Date "1999.??.??"]
[Round "?"]
[White "Blehm, Pawel"]
[Black "Najbar, Marcin"]
[Result "1-0"]
[WhiteElo "2425"]
[BlackElo "2210"]

1. e4 c5 2. Nf3 e6 3. d4 cxd4 4. Nxd4 Qb6 5. Nc3 Bc5 6. Na4 Qa5+ 7. c3 Bxd4
8. Qxd4 Nf6 9. Nc5 O-O 10. f3 Nc6 11. Qf2 d5 12. Bg5 Nd7 13. Nb3 Qc7 14.
exd5 exd5 15. O-O-O Nde5 16. Kb1 f6 17. Bc1 Be6 18. h3 Rae8 19. f4 Nc4 20.
Bd3 f5 21. g4 Nd6 22. Bc2 Ne4 23. Qg2 Rd8 24. Rhg1 b6 25. Be3 Rf7 26. Nd4
Nxd4 27. Bxd4 Qxf4 28. gxf5 Bxf5 29. Bxg7 Bg6 30. Bd4 Rdf8 31. h4 Qxh4 32.
Rh1 Qxh1 33. Qxh1 Rf1 34. Qh6 Nxc3+ 35. Ka1 Nxd1 36. Qg7# 1-0

[Event "?"]
[Site "22nd Open, Andorra la Vella AN"]
[Date "2004.??.??"]
[Round "1"]
[White "Caldentey Ayas, D"]
[Black "Postny, Evgeny"]
[Result "0-1"]
[WhiteElo "2070"]
[BlackElo "2560"]

1. e4 c5 2. Nf3 e6 3. d4 cxd4 4. Nxd4 a6 5. Bd3 Bc5 6. Nb3 Be7 7. O-O d6 8.
Nc3 Nf6 9. Bd2 Qc7 10. Qe2 Nc6 11. f4 b5 12. a4 b4 13. Nd1 a5 14. Nf2 O-O
15. Rae1 e5 16. fxe5 dxe5 17. Nh1 Be6 18. Ng3 g6 19. Bh6 Rfd8 20. Bb5 Bxb3
21. cxb3 Nd4 22. Qc4 Nxb5 23. Qxb5 Ng4 24. Bc1 Bc5+ 0-1

[Event "?"]
[Site "Monarch Assurance ;The Week in"]
[Date "2004.??.??"]
[Round "5"]
[White "Smith, Andrew Philip"]
[Black "McNab, Colin A"]
[Result "0-1"]
[WhiteElo "2205"]
[BlackElo "2425"]

1. e4 c5 2. Nf3 e6 3. d4 cxd4 4. Nxd4 a6 5. Bd3 Bc5 6. Nb3 Be7 7. Qg4 g6 8.
Qe2 d6 9. Nc3 Nd7 10. Be3 Qc7 11. f4 Ngf6 12. a4 b6 13. O-O Bb7 14. Bf2 Nh5
15. Be3 Nhf6 16. Bf2 Nh5 17. Be3 O-O 18. Rf3 d5 19. exd5 exd5 20. Nd4 Ndf6
21. Rff1 Rfe8 22. Qf3 Bc5 23. Nce2 Qe7 24. Bf2 Ne4 25. Be1 f5 26. Kh1 Nhf6
27. c3 Bd6 28. Rd1 Qd7 29. Bc2 Re7 30. Bh4 Rae8 31. Ng1 Rf7 32. Nh3 Ng4 33.
Nf2 g5 34. h3 Ngxf2+ 35. Bxf2 g4 36. Qd3 Bxf4 37. Bh4 Qd6 38. Rde1 Qh6 39.
Ne2 Qxh4 40. Rxf4 Qxe1+ 0-1